LEADER 01099nam2-2200373---450 001 990002201120203316 005 20200309105817.0 035 $a000220112 035 $aUSA01000220112 035 $a(ALEPH)000220112USA01 100 $a20041122d1979----km y1itay5003----ba 101 1 $aita$cfre 102 $aIT 200 1 $a<<2.: >>Sul fascismo$fDaniel Guérin$gintroduzione di Ivano Granata 210 $aVerona$cBertani$d1979 215 $a408 p.$d18 cm 225 2 $aManifesti della lotta di classe$v24 300 $aTraduzione di Giorgio Galli 410 0$12001$aManifesti della lotta di classe$v24 454 1$12001$aSur le fascisme II$91734693 461 1$1001000220110$12001$aSul fascismo$v2 606 0 $aFascismo$2BNCF 676 $a320.533 700 1$aGUERIN,$bDaniel$0401468 702 1$aGRANATA,$bIvano 801 0$aIT$bsalbc$gISBD 912 $a990002201120203316 951 $aColl ANU 24$b55927 G.$cColl ANU 951 $a300 320.533 GUE$b1618 DISES 959 $aBK 969 $aGIU 969 $aDISES 996 $aSur le fascisme II$91734693 997 $aUNISA LEADER 01220nam0-2200349---450 001 990004322890403321 005 20230118123116.0 010 $a0-919473-82-2 035 $a000432289 100 $a19990604d1991----km-y0itay50------ba 101 0 $aeng 102 $aCA 105 $af-------101yy 200 1 $a<>surrealist adventure in Spain$fedited by C. Brian Morris 210 $aOttawa$cDovehouse$d1991 215 $a346 p., 21 c. di tav$cill.$d23 cm 225 1 $aOttawa Hispanic studies$v6 300 $aVolume pubblicato in occasione dell'International Symposium on Surrealism and Spain, tenuto presso l'UCLA nel 1989 320 $aBibliografia: p. [320]-342 610 0 $aSurrealismo $aCongressi$a1989 610 0 $aSurrealismo $aCongressi$a1989 610 0 $aSpagna$aArte$aSec. 20. 676 $a700.946 702 1$aMorris,$bC. Brian 710 11$aInternational Symposium on Surrealism and Spain$f<1989 ;$eLos Angeles>$0740217 801 0$aIT$bUNINA$gRICA$2UNIMARC 901 $aBK 912 $a990004322890403321 952 $a701.19 CONV LOS ANGELES 1989$bdip.fil.mod. 5808$fFLFBC 959 $aFLFBC 996 $aSurrealist adventure in Spain$91467347 997 $aUNINA